Plantes vertes et fleuries d'intérieurs - Statistiques

Statistiques générales
  • Ce quiz a été pris 101 fois
  • Le résultat moyen est 32 sur 113
Statistiques - réponses
Par images Réponse % Correct
Monstera
82%
Lierre
64%
Ficus
55%
Monstera deliciosa
55%
Yucca
55%
Misère
45%
Papyrus
45%
Pachira
42%
Cactus de Noël
41%
Kalanchoe
41%
Maranta
41%
Pothos
41%
Poinsettia
39%
Aloes
38%
Anthurium
38%
Ficus elastica
38%
Hypoestes
38%
Zamioculcas
38%
Aglaonema
36%
Caoutchouc
36%
Saint-Paulia
36%
Sedum
36%
Asparagus
35%
Beaucarnea
35%
Caladium
35%
Ceropegia
35%
Chlorophytum
35%
Calathea
33%
Clivia
33%
Croton
33%
Ficus benjamina
33%
Syngonium
33%
Cordyline
32%
Echeveria
32%
Peperomia
32%
Schefflera
32%
Senecio
32%
Cocotier
30%
Dieffenbachia
30%
Euphorbe
30%
Medinilla
30%
Phoenix
30%
Aglaonema
29%
Capillaire
29%
Dracaena
29%
Ficus
29%
Hedera Helix
29%
Xanadu
29%
Cactus cierge
27%
Dracaena
27%
Euphorbia trigona
27%
Mamillaire
27%
Philodendron
27%
Selloum
27%
Cactus de pâques
26%
Cactus raquette
26%
Crassula
26%
Ctenanthe
26%
Dionée
26%
Népenthes
26%
Philodendron
26%
Aloes
24%
Anthurium Andreanum
24%
Areca
24%
Dieffenbachia
24%
Ficus Lyre
24%
Kalanchoe blossfeldiana
24%
Rhoicissus
24%
Schlumbergera hybride
24%
Aspidistra
23%
Cactus boule
23%
cocos nucifera
23%
Cordyline
23%
Ficus microcarpa
23%
Jasmin de madagascar
23%
Spatiphyllum
23%
Begonia Rex
21%
Dieffenbachia Seguine
21%
Drosera
21%
Epine du christ
21%
Ficus pumila
21%
Ficus rampant
21%
Kentia
21%
Ptéris
21%
Sanseveria
21%
Selaginelle
21%
Chamaedorea elegans
20%
Cissus
20%
Columnea
20%
Cordyline fruticosa
20%
Dieffenbachia Picta
20%
Dracaena marginata
20%
Nertera
20%
Nid d'oiseau
20%
Platycerium
20%
Begonia d'intérieur
18%
Chamaedorea
18%
Euphorbia milii
18%
Gloxinia
18%
Rhipsalidopsis gaertneri
18%
Aspidistra eliator
17%
Begonia Royale
17%
Ficus bonzaï
17%
Impatience de Nouvelle guinée
17%
Nephrolepsis
17%
Platycerium alcicorne
17%
Adiantum raddianum
15%
Begonia eliator
15%
Nephrolepsis exaltata
15%
Spatiphyllum hybride
15%
Asparagus densiflorum
12%
Streptocarpus
12%
Aechynanthus
8%
Aucun quiz correspondant
Distribution des résultats
% des personnes avec chaque résultat
Percentile par nombre de réponses
Votre historique - résultats
Vous n’avez pas pris ce quiz